Normal view
MARC view
Entry Topical Term
001 - CONTROL NUMBER
- control field: 2174
003 - CONTROL NUMBER IDENTIFIER
- control field: BD-RjUL
005 - DATE AND TIME OF LATEST TRANSACTION
- control field: 20220331154929.0
008 - FIXED-LENGTH DATA ELEMENTS
- fixed length control field: 220331|| aca||aabn | a|a d
040 ## - CATALOGING SOURCE
- Original cataloging agency: BD-RjUL
- Transcribing agency: BD-RjUL
150 ## - HEADING--TOPICAL TERM
- Topical term or geographic name entry element: Arabic Prose literature
- General subdivision: Arabic literature
- General subdivision: History and Criticism
670 ## - SOURCE DATA FOUND
- Source citation: Work cat.: (BD-RjUL)79645: হুসাইন, মুহা. বিলাল 1773, আরবী গদ্য সাহিত্যে মাহমুদ ইবন 'উমার আয-যামাখশারীর অবদান /, ২০০৫